Sensitive (Record no. 4724)

MARC details
000 -CABECERA
campo de control de longitud fija 02670nam a22002297a 4500
003 - IDENTIFICADOR DEL NÚMERO DE CONTROL
campo de control OSt
005 - FECHA Y HORA DE LA ÚLTIMA TRANSACCIÓN
campo de control 20250616094921.0
008 - DATOS DE LONGITUD FIJA--INFORMACIÓN GENERAL
campo de control de longitud fija 250612b |||||||| |||| 00| 0 eng d
020 ## - NÚMERO INTERNACIONAL ESTÁNDAR DEL LIBRO
Número Internacional Estándar del Libro 9780241993255
040 ## - FUENTE DE LA CATALOGACIÓN
Centro/agencia transcriptor tbs
041 ## - CÓDIGO DE LENGUA
Código de lengua del texto/banda sonora o título independiente eng
100 ## - ENTRADA PRINCIPAL--NOMBRE DE PERSONA
Nombre de persona Granneman, Jenn
9 (RLIN) 25400
245 ## - MENCIÓN DE TÍTULO
Título Sensitive
Resto del título : the power of a thoughtful mind in an overwhelming world
Mención de responsabilidad, etc. / Jenn Granneman and Andre Sólo
260 ## - PUBLICACIÓN, DISTRIBUCIÓN, ETC.
Lugar de publicación, distribución, etc. London :
Nombre del editor, distribuidor, etc. Penguin Life
Fecha de publicación, distribución, etc. 2023
300 ## - DESCRIPCIÓN FÍSICA
Extensión 261 pages 24 cm.
505 ## - NOTA DE CONTENIDO CON FORMATO
Nota de contenido con formato Sensitivity: stigma or superpower? —<br/><br/>The sensitive boost effect —<br/><br/>The five gifts of sensitivity —<br/><br/>Too much, too loud, too fast —<br/><br/>The pain of empathy —<br/><br/>Full-hearted love —<br/><br/>Raising a sensitive generation —<br/><br/>More than just a paycheck —<br/><br/>The sensitive revolution.
520 ## - SUMARIO, ETC.
Sumario, etc. "Everyone has a sensitive side, but nearly 1 in 3 people have the genes to be more sensitive than others--both physically and emotionally. These are the people who pause before speaking and think before acting; they tune into subtle details and make connections that others miss. They tend to be intelligent, big-hearted, and wonderfully creative; they are wired to go deep, yet society tells them to hide the very sensitivity that makes them this way. These are the world's "highly sensitive people," and Sensitive is the book that champions them. By the creators of the world's largest community for sensitive people, Sensitive teaches us how to unlock the potential in this undervalued strength and leverage it across the most important areas of our lives: in friendships and relationships, the workplace, leadership, and parenting. Through fascinating research and expert storytelling, Jenn Granneman and Andre Sólo show readers that the way to thrive as a sensitive person is not to hide their sensitivity, but to embrace it--and they demonstrate how to do that in each area of life. Weaving together actionable advice, relatable anecdotes, and the latest scientific research, Sensitive shows readers how leaning in to their sensitivity unlocks a powerful "boost effect" to launch them ahead in life. It hands them the tools and insights they need to thrive as a sensitive person in a loud, fast, too-much world. A powerfully validating, destigmatizing, and practical book, Sensitive plants a gently fluttering flag in the ground for sensitive people everywhere. This inspiring book has the power to change--once and for all--how we see sensitive people, and how they see themselves"--Publisher's description.
650 #0 - PUNTO DE ACCESO ADICIONAL DE MATERIA--TÉRMINO DE MATERIA
Término de materia o nombre geográfico como elemento de entrada Sensitivity (Personality trait)
9 (RLIN) 25401
650 #0 - PUNTO DE ACCESO ADICIONAL DE MATERIA--TÉRMINO DE MATERIA
Término de materia o nombre geográfico como elemento de entrada Success Psychological aspects
9 (RLIN) 11199
700 ## - ENTRADA AGREGADA--NOMBRE PERSONAL
Nombre de persona Sólo, Andre
9 (RLIN) 25402
942 ## - ELEMENTOS DE ENTRADA AGREGADA (KOHA)
Fuente del sistema de clasificación o colocación Clasificación de Library of Congress
Holdings
Estado de retiro Estado de pérdida Fuente del sistema de clasificación o colocación Estado dañado No para préstamo Biblioteca de origen Biblioteca actual Fecha de adquisición Total de préstamos Signatura topográfica completa Código de barras Fecha visto por última vez Número de copia Precio válido a partir de Tipo de ítem Koha
    Clasificación de Library of Congress     TBS Barcelona TBS Barcelona 12/06/2025   BF698.35 GRA B07547 12/06/2025 1 12/06/2025 Book

Powered by Koha